Krzyżówka o Europie - odgadnij ukryte hasło - Statystyki

Ogólne statystyki
  • Ten quiz został rozwiązany 641 razy
  • Średni wynik to 7 z 10
Odpowiedzi na mapie
Odpowiedzi zakodowano w zielono-czerwonej skali na mapie do tego quizu, zgodnie z poniższymi procentami.
 
Statystyki odpowiedzi
# Wskazówka Odpowiedź % Poprawnych
3. Państwo ze stolicą w Rydze Łotwa
96%
9. Mieszkaniec Grecji Grek
94%
8. Jeden z sąsiadów Polski Litwa
91%
1. Stolica Macedonii Północnej Skopje
84%
6. Pasmo górskie znajdujące się m.in. w Polsce Karpaty
76%
2. Najdłuższa rzeka w Europie Wołga
71%
Hasło Słowianie
55%
7. Wyspa duńska leżąca na Morzu Bałtyckim Bornholm
43%
4. Morze będące częścią Morza Czarnego Morze {Azowskie}
29%
5. Półwysep który leży w Rosji przy morzu Barentsa Półwysep {Kolski}
24%
Nie znaleziono quizów pasujących do podanych kryteriów
Rozkład punktacji
Procent ludzi z każdym wynikiem
Percentyl według liczby udzielonych odpowiedzi
Twoja historia wyników
Nie rozwiązałeś tego quizu